000 00378pab a2200157 454500
008 180718b2003 xxu||||| |||| 00| 0 eng d
100 _aRam Lal
245 _aE-government - initiatives and challenges
260 _c2003
300 _ap.564-72.
362 _aJan-Mar
650 _aElectronic governance
700 _aHaleem, Abid
773 _aProductivity
909 _a58652
999 _c58652
_d58652